عرض عادي عرض مارك
  • Shipley, Joseph T.

مدخل إسم شخص

عدد التسجيلات المستخدمة في: 1

001 - رقم الضبط

  • حقل الضبط: 56415

003 - معرف رقم الضبط

  • حقل الضبط: OSt

005 - تاريخ ووقت أخر عملية

  • حقل الضبط: 20160827135046.0

008 - عناصر بيانات ثابتة الطول

  • حقل تحكم ثابت الطول: 160827|| aca||aabn | a|a d

040 ## - مصدر الفهرسة

  • هيئة الفهرسة الأصلية: OSt
  • وكالة الكتابة: OSt

100 ## - مدخل -- أسم شخص

  • إسم شخص: Shipley, Joseph T.
  • الشكل الكامل للاسم: (Joseph Twadell),
  • تواريخ مرتبطة بالاسم: 1893-1988.

670 ## - بيانات المصدر موجوده

  • الاستشهاد بالمصدر: Work cat.: (OSt)0: Shipley, Joseph T. (Joseph Twadell), 1893-1988., The origins of English words :, c1984.